000 00443nam a2200205Ia 4500
001 12708
003 GE_BSU
008 181216s||||||||xx |||||||||||||| ||und||
020 _a000649658X
040 _cGE_BSU
080 _a821.111-312.4
100 _aClancy's,Tom. Piczenik,Steve
245 _aOp-Centre
260 _aLondon
260 _bHarper Collins
260 _c1995
300 _a387p.18cm.
653 _aOp-Centre
942 _cBK
999 _c45879
_d45879